Score 0/16 Timer 02:00
0 Plays Today
Clue 4-Letter Word % Correct
Wine stopperCORK
96.6%
Part of the earth past the crust and the mantleCORE
94.9%
In a greater quantityMORE
94.1%
Rinse, lather, and repeatWASH
93.8%
Peter Pan nemesisHOOK
93.1%
Wool-eating attic pestMOTH
89.9%
One of the pilgrims in the Canterbury Tales• COOK •
89.4%
Genie's boonWISH
88.2%
Clue 4-Letter Word % Correct
Linear algebra or differential equations MATH
88.2%
A tiny piece; iotaMOTE
86%
Gala, or a heavy strikeBASH
82.6%
Goose onomatopoeiaHONK
80%
[Rung 1] of ____: One of the pilgrims in the Canterbury Tales• BATH •
77.9%
Learned; eruditeWISE
74.5%
____ of [Rung 6]: One of the pilgrims in the Canterbury Tales• WIFE •
39.6%
One of the pilgrims in the Canterbury Tales• MONK •
36.7%

Today's Daily Dose

Remove Ads.
Support Sporcle.
Get the best of Sporcle when you Go Orange. This ad-free experience offers more features, more stats, and more fun while also helping to support Sporcle. Thank you for becoming a member.

You're not logged in!

Compare scores with friends on all Sporcle quizzes.
OR
Log In

Show Comments

Extras

Top Quizzes Today


Score Distribution

Your Account Isn't Verified!

In order to create a playlist on Sporcle, you need to verify the email address you used during registration. Go to your Sporcle Settings to finish the process.

Report this User

Report this user for behavior that violates our Community Guidelines.

Details: